01723nam a22002417a 450000500170000000800410001702000180005804000070007604100080008308200220009110000230011324500180013626000550015430000260020936500530023552009250028865000190121370000250123270000350125794200120129299900190130495201580132320211119095233.0211119b ||||| |||| 00| 0 eng d a9781444964912 cAL aeng 223a823.087bROWC aRowling J K910641 aChristmas Pig aLondonbLittle Brown Books For Young Readersc2021 a311 p.bHBc24x16 cm. a3481b₹479.20c₹d₹599.00e20%f16-11-2021 aOne boy and his toy are about to change everything... Jack loves his childhood toy, Dur Pig. DP has always been there for him, through good and bad. Until one Christmas Eve, something terrible happens - DP is lost. But Christmas Eve is a night for miracles and lost causes, a night when all things can come to life... even toys. And Jack's newest toy - the Christmas Pig (DP's annoying replacement) - has a daring plan: Together they'll embark on a magical journey to seek something lost, and to save the best friend Jack has ever known... A heartwarming, page-turning adventure about one child's love for his most treasured thing, and how far he will go to find it. A tale for the whole family to fall in love with, from one of the world's greatest storytellers. A gorgeously gifty hardback, with full-colour jacket and featuring 9 black and white spreads and decorative inside art from renowned illustrator, Jim Field. aFiction910642 aROWLING (J K)910643 aFIELD (Jim) illustrated910644 2ddccBK c220691d220691 00102ddc40708ENGaALbALd2021-11-17eBiblios Book Pointg479.00l7m1o823.087 ROWCp075088r2024-02-27 00:00:00s2024-02-19v599.00w2021-11-19yBK